Percolation

Αποθηκεύτηκε σε:
Λεπτομέρειες βιβλιογραφικής εγγραφής
Κύριος συγγραφέας: Grimmett, Geoffrey
Μορφή: Βιβλίο
Γλώσσα:English
Δημοσίευση: Berlin ; New York : Springer, c1999
Έκδοση:2η εκδ.
Σειρά:Grundlehren der mathematischen wissenschaften ; ; 321
Θέματα:
Ετικέτες: Προσθήκη ετικέτας
Δεν υπάρχουν, Καταχωρήστε ετικέτα πρώτοι!

MARC

LEADER 00000nam a2200000 i 4500
001 1/49379
008 070727s1999 eng d
020 |a 3-540-64902-6 
035 |l 10089170 
040 |a GR-MY-UA  |b gre  |e aacr 
041 0 |a eng 
082 0 |a 530.13  |2 (22) 
100 1 |a Grimmett, Geoffrey. 
245 1 0 |a Percolation /  |c Geoffrey Grimmett 
250 |a 2η εκδ. 
260 |a Berlin ; New York :   |b Springer,   |c c1999 
300 |a xiii, 444 σ.;  |b εικ.;  |c 25 εκ. 
490 1 |a Grundlehren der mathematischen wissenschaften  |v ; 321 
504 |a Βιβλιογραφία: σ.[404]-433. Ευρετήρια 
650 0 0 |a Percolation (Statistical physics) 
830 0 |a Grundlehren der mathematischen wissenschaften ;  |v ; 321 
852 |a INST  |b SAMOS  |e 20070727  |h 530.13 GRI  |p 005300025802  |q 005300025802  |t BK  |y 0 
901 |a BIBL3-2007-2 
909 |a Σ  |b 135792 
922 |a 3ΕΛΗ  |b 200706  |c ΕΠΕΑΕΚ2/ΤΣΑΕ  |d ΕΛΕΥΘΕΡΟΥΔΑΚΗΣ 
970 |a ΚΟΣΙΕΡΗΣ  |b ΧΡΗΣΤΟΣ  |z 2007/07/27